000 00429nam a2200157Ia 4500
008 220803s9999 xx 000 0 und d
020 _a81-85285-02-0
041 _aeng
082 _a891.46 JAI
100 _aJain S
_910725
245 _aSundar Ghar : Antrik Design Dwara Akarshak Sajawat
260 _aDeharadhun
_bManagement Publishing
_c1995
300 _a186p
500 _aArchitecture
650 _aMarathi Literature
_910726
999 _c9090
_d9090